00227nam a22000977a 4500008004100000041000800041080000800049100000700057101000800064245005700072181217b xxu||||| |||| 00| 0 eng d aeng a821 a23 aGJU aA dictionary Of Synonyms And AntonymscDevdin.J